MAASAI MARA UNIVERSITY

LIBRARY CATALOGUE

Contact Us: +254 020 2685356/7 or 0774 057787

Box: 861-20500, NAROK, KENYA

Email: info@mmarau.ac.ke

Bonsai an art / (Record no. 33129)

MARC details
000 -LEADER
fixed length control field 00508nam a22001697a 4500
003 - CONTROL NUMBER IDENTIFIER
control field OSt
005 - DATE AND TIME OF LATEST TRANSACTION
control field 20241017115810.0
008 - FIXED-LENGTH DATA ELEMENTS--GENERAL INFORMATION
fixed length control field 241017b |||||||| |||| 00| 0 eng d
020 ## - INTERNATIONAL STANDARD BOOK NUMBER
International Standard Book Number 8172333080
040 ## - CATALOGING SOURCE
Original cataloging agency MMU
Language of cataloging eng
Transcribing agency MMU
Modifying agency MMU
050 ## - LIBRARY OF CONGRESS CALL NUMBER
Classification number SB 433.5 .S56 2002
100 ## - MAIN ENTRY--PERSONAL NAME
Personal name Wazir Desh Beer Singh Poonam.
9 (RLIN) 2106
245 ## - TITLE STATEMENT
Title Bonsai an art /
Statement of responsibility, etc. By Desh Beer Singh Poonam Wazir.
260 ## - PUBLICATION, DISTRIBUTION, ETC. (IMPRINT)
Place of publication, distribution, etc. Jodhpur :
Name of publisher, distributor, etc. Scientific Publishers (India),
Date of publication, distribution, etc. 2002.
300 ## - PHYSICAL DESCRIPTION
Extent 90 Pages :
Other physical details illustrations ;
942 ## - ADDED ENTRY ELEMENTS (KOHA)
Source of classification or shelving scheme Library of Congress Classification
Koha item type L
Holdings
Withdrawn status Lost status Source of classification or shelving scheme Damaged status Not for loan Home library Current library Date acquired Source of acquisition Cost, normal purchase price Total Checkouts Full call number Barcode Date last seen Price effective from Koha item type
    Library of Congress Classification     Maasai Mara University Library -Main Campus Maasai Mara University Library -Main Campus 10/17/2024 purchased 410.00   SB 433.5 .S56 2002 24040233 10/17/2024 10/17/2024 L
    Library of Congress Classification     Maasai Mara University Library -Main Campus Maasai Mara University Library -Main Campus 10/17/2024 purchased 410.00   SB 433.5 .S56 2002 24040232 10/17/2024 10/17/2024 L
© 2016 Maasai Mara University.